| 000 | 00574nam a2200205Ia 4500 | ||
|---|---|---|---|
| 008 | 171025s9999 xx 000 0 und d | ||
| 020 | _a9710867962 | ||
| 050 | _a641.59 | ||
| 050 | _bC615 2007 | ||
| 100 | _aClaudio, Virginia S. | ||
| 245 | _aInternational cuisine / | ||
| 245 | _cVirginia Serraon-Claudio and Adela Jamorabo-Ruiz. | ||
| 260 | _aPhilippines : | ||
| 260 | _bNational Book Store, | ||
| 260 | _c2007 | ||
| 300 | _axiv, 340 pages : | ||
| 300 | _billustrations ; | ||
| 300 | _c26cm. | ||
| 500 | _aIncludes bibliographic reference, appendix and index. | ||
| 999 |
_c344876 _d344876 |
||